| 000 | 00640nam a2200193Ia 4500 | ||
|---|---|---|---|
| 003 | GCL | ||
| 008 | 140319s9999 xx 000 0 ara d | ||
| 040 |
_aGCL / _cGCL |
||
| 082 | 0 | 4 |
_aط _b371.3333 _bس ح |
| 100 | 1 | _aالمركز العالمى للاعلام | |
| 245 | 1 | 0 |
_aحكايات الاطفال قبل النوم 2 / _cالمركز العالمى للاعلام |
| 260 |
_a[S.N] : _bسفير |
||
| 490 | _a | ||
| 650 | 0 | 4 | _aالتعليم |
| 650 | 0 | 4 | _aاشرطة التسجيل |
| 650 | 0 | 4 | _aالوسائل السمعية والبصرية |
| 650 | 0 | 4 | _aالاطفال - المواد غير المطبوعة |
| 942 |
_2ddc _cBK |
||
| 999 |
_c56354 _d56354 |
||